Computers and telecommunications networks
Tallennettuna:
| Päätekijä: | |
|---|---|
| Aineistotyyppi: | Kirja |
| Kieli: | Undetermined |
| Julkaistu: |
Oxford
Blackwell Scientific Publications
1987
|
| Aiheet: | |
| Tagit: |
Lisää tagi
Ei tageja, Lisää ensimmäinen tagi!
|
| Thư viện lưu trữ: | Trung tâm Học liệu Trường Đại học Cần Thơ |
|---|
| LEADER | 00527nam a2200181Ia 4500 | ||
|---|---|---|---|
| 001 | CTU_82684 | ||
| 008 | 210402s9999 xx 000 0 und d | ||
| 082 | |a 621.38 | ||
| 082 | |b P986 | ||
| 100 | |a Purser, Michael | ||
| 245 | 0 | |a Computers and telecommunications networks | |
| 245 | 0 | |c Michael Purser | |
| 260 | |a Oxford | ||
| 260 | |b Blackwell Scientific Publications | ||
| 260 | |c 1987 | ||
| 650 | |a Computer network,Telecommunication | ||
| 904 | |i Qhiêu(sửa) | ||
| 980 | |a Trung tâm Học liệu Trường Đại học Cần Thơ | ||